Online Catalogue and eLibrary

Cultural diversity and social discontent : (Record no. 312)

MARC details
000 -LEADER
fixed length control field 00775pam a2200229 a 4500
001 - CONTROL NUMBER
control field 4505514
005 - DATE AND TIME OF LATEST TRANSACTION
control field 20240206053334.0
008 - FIXED-LENGTH DATA ELEMENTS--GENERAL INFORMATION
fixed length control field 980127s1998 cau b 001 0 eng
020 ## - INTERNATIONAL STANDARD BOOK NUMBER
ISBN 0761992502 (cloth : alk. paper)
020 ## - INTERNATIONAL STANDARD BOOK NUMBER
ISBN 0761992782 (pbk. : alk. paper)
040 ## - CATALOGING SOURCE (பட்டியலாக்க மூலம்)
Original cataloging agency DLC
Transcribing agency DLC
Modifying agency DLC
082 00 - DDC Classification
Class No. 306/.09542
DDC Edition Number 21
Item Number - Author Mark CUL.
100 1# - MAIN ENTRY--PERSONAL NAME
Personal name Khare, R. S.
245 10 - TITLE STATEMENT
Title Cultural diversity and social discontent :
Remainder of title anthropological studies on contemporary India /
Statement of responsibility, etc. R.S. Khare.
260 ## - PUBLICATION, DISTRIBUTION, ETC.
Place of publication, distribution, etc. Walnut Creek, CA :
Name of publisher, distributor, etc. AltaMira Press,
Date of publication, distribution, etc. 1998.
300 ## - PHYSICAL DESCRIPTION
Extent (e.g. Volumes, Pages etc.) 282 p. ;
650 #0 - SUBJECT ADDED ENTRY--TOPICAL TERM
Topical term or geographic name entry element Ethnology
650 #0 - SUBJECT ADDED ENTRY--TOPICAL TERM
Topical term or geographic name entry element Ethnology
856 42 - ELECTRONIC LOCATION AND ACCESS
Uniform Resource Identifier <a href="http://www.loc.gov/catdir/enhancements/fy0657/98011303-d.html">http://www.loc.gov/catdir/enhancements/fy0657/98011303-d.html</a>
856 41 - ELECTRONIC LOCATION AND ACCESS
Uniform Resource Identifier <a href="http://www.loc.gov/catdir/enhancements/fy0657/98011303-t.html">http://www.loc.gov/catdir/enhancements/fy0657/98011303-t.html</a>
942 ## - Koha item type (Biblio)
Koha item type Books in Stacks (Lending)
Holdings
Lost status Damaged status Collection code Home library Current library Date acquired Full call number Accession Number Item type
    Lending WERC Library WERC Library 02/06/2024 306/.09542 CUL. 2733 Books in Stacks (Lending)

© WERC Library